Statistics for Manchester United Squad 2014/2015

Click here to take the quiz!

General Stats

  • This quiz has been taken 1,283 times
  • The average score is 21 of 33

Answer Stats

NumberNationalityPositionAnswer% Correct
1SpainGKDavid de Gea
100%
10EnglandFWWayne Rooney
95%
8SpainMFJuan Mata
91%
4EnglandDFPhil Jones
91%
5ArgentinaDFMarcos Rojo
90%
7ArgentinaMFAngel Di Maria
89%
25EcuadorMFAntonio Valencia
87%
12EnglandDFChris Smalling
87%
9ColombiaFWRadamel Falcao
87%
2BrazilDFRafael
85%
20NetherlandsFWRobin van Persie
85%
6Northern IrelandDFJonny Evans
83%
31BelgiumMFMarouane Fellaini
80%
/NetherlandsCOACHLouis van Gaal
78%
16EnglandMFMichael Carrick
78%
21SpainMFAnder Herrera
75%
17NetherlandsMFDaley Blind
75%
3EnglandDFLuke Shaw
73%
18EnglandMFAshley Young
69%
24ScotlandMFDarren Fletcher
69%
11BelgiumMFAdnan Januzaj
67%
13DenmarkGKAnders Lindegaard
59%
28BrazilMFAnderson
49%
35EnglandMFJesse Lingard
47%
49EnglandFWJames Wilson
41%
42EnglandDFTyler Blackett
35%
50EnglandGKSam Johnstone
33%
44BrazilMFAndreas Pereira
31%
40EnglandGKBen Amos
30%
48EnglandFWWill Keane
25%
36BelgiumDFMarnick Vermijl
11%
37SwitzerlandDFSaidy Janko
11%
41EnglandDFReece James
10%

Score Distribution

Percentile by Number Answered

Percent of People with Each Score

Your Score History

You have not taken this quiz